<?xml version="1.0" encoding="UTF-8"?>
<record
    xmlns:xsi="http://www.w3.org/2001/XMLSchema-instance"
    xsi:schemaLocation="http://www.loc.gov/MARC21/slim http://www.loc.gov/standards/marcxml/schema/MARC21slim.xsd"
    xmlns="http://www.loc.gov/MARC21/slim">

  <leader>01367nam a2200265 a 4500</leader>
  <controlfield tag="001">BRCA_1230</controlfield>
  <controlfield tag="005">20190320203334.0</controlfield>
  <controlfield tag="008">850919s1986    nyua---##b---#000-0#eng-#</controlfield>
  <datafield tag="050" ind1=" " ind2="4">
    <subfield code="a">ND343</subfield>
    <subfield code="b">.G56 1986</subfield>
  </datafield>
  <datafield tag="245" ind1="1" ind2="0">
    <subfield code="a">Gloria in Excelsis</subfield>
    <subfield code="b">the Virgin and Angels in Viceregal Painting of Peru and Bolivia</subfield>
    <subfield code="c">director John Stringer ; guest curator Barbara Duncan ; guest curator Teresa Gisbert.</subfield>
  </datafield>
  <datafield tag="260" ind1=" " ind2=" ">
    <subfield code="a">Nueva York</subfield>
    <subfield code="b">Center for Inter-American Relations</subfield>
    <subfield code="c">1986</subfield>
  </datafield>
  <datafield tag="300" ind1=" " ind2=" ">
    <subfield code="a">96 p.</subfield>
    <subfield code="b">il. (algunas a color)</subfield>
    <subfield code="c">27 cm.</subfield>
  </datafield>
  <datafield tag="500" ind1=" " ind2=" ">
    <subfield code="a">Cat&#xE1;logo de la exposici&#xF3;n realizada en  Center for Inter-American Relations (Nueva York), 12 novimebre, 1985 - 10 febrero, 1986, en Archer M. Huntington Art Gallery (University of Texas at Austin), 23 marzo - 4 mayo, 1986 y en Center for the Fine Arts (Miami), 19 mayo - 20 julio, 1986</subfield>
  </datafield>
  <datafield tag="504" ind1=" " ind2=" ">
    <subfield code="a">Bibliograf&#xED;a : p. 83-86</subfield>
  </datafield>
  <datafield tag="600" ind1="1" ind2="4">
    <subfield code="a">Virgen Mar&#xED;a en el arte</subfield>
    <subfield code="v">Exposiciones</subfield>
    <subfield code="9">4034</subfield>
  </datafield>
  <datafield tag="650" ind1="1" ind2="4">
    <subfield code="a">&#xC1;ngeles en el arte</subfield>
    <subfield code="v">Exposiciones</subfield>
    <subfield code="9">4035</subfield>
  </datafield>
  <datafield tag="650" ind1="1" ind2="4">
    <subfield code="a">Pintura peruana</subfield>
    <subfield code="v">Exposiciones</subfield>
    <subfield code="9">3902</subfield>
  </datafield>
  <datafield tag="650" ind1="1" ind2="4">
    <subfield code="a">Pintura colonial</subfield>
    <subfield code="v">Exposiciones</subfield>
    <subfield code="z">Per&#xFA;</subfield>
    <subfield code="9">4036</subfield>
  </datafield>
  <datafield tag="650" ind1="1" ind2="4">
    <subfield code="a">Pintura boliviana</subfield>
    <subfield code="v">Exposiciones</subfield>
    <subfield code="9">4037</subfield>
  </datafield>
  <datafield tag="650" ind1="1" ind2="4">
    <subfield code="a">Pintura colonial</subfield>
    <subfield code="v">Exposiciones</subfield>
    <subfield code="z">Bolivia</subfield>
    <subfield code="9">4038</subfield>
  </datafield>
  <datafield tag="650" ind1="1" ind2="4">
    <subfield code="a">Santos en el arte</subfield>
    <subfield code="v">Exposiciones</subfield>
    <subfield code="9">4039</subfield>
  </datafield>
  <datafield tag="700" ind1="1" ind2=" ">
    <subfield code="a">Duncan, Barbara</subfield>
    <subfield code="q">(Barbara Doyle)</subfield>
    <subfield code="9">4040</subfield>
  </datafield>
  <datafield tag="700" ind1="1" ind2=" ">
    <subfield code="a">Gisbert, Teresa</subfield>
    <subfield code="d">1926-</subfield>
    <subfield code="9">4041</subfield>
  </datafield>
  <datafield tag="942" ind1=" " ind2=" ">
    <subfield code="2">lcc</subfield>
    <subfield code="c">B</subfield>
  </datafield>
  <datafield tag="999" ind1=" " ind2=" ">
    <subfield code="c">1100</subfield>
    <subfield code="d">1100</subfield>
  </datafield>
  <datafield tag="952" ind1=" " ind2=" ">
    <subfield code="0">0</subfield>
    <subfield code="1">0</subfield>
    <subfield code="4">0</subfield>
    <subfield code="7">0</subfield>
    <subfield code="a">BRCA</subfield>
    <subfield code="b">BRCA</subfield>
    <subfield code="d">2008-06-26</subfield>
    <subfield code="l">0</subfield>
    <subfield code="o">ND343 .G56 1986</subfield>
    <subfield code="p">01730</subfield>
    <subfield code="r">2019-03-22 00:00:00</subfield>
    <subfield code="w">2019-03-22</subfield>
    <subfield code="y">B</subfield>
  </datafield>
</record>
